MDQL
is popping MORE tags! Check the
thread
!
Quizzes
Events
Quiz Creation
Community
Videos
Private Events
Remove Ads
Sign In
Join for FREE
Feedback
Dark Mode
Quiz Categories
Sports
Geography
Music
Movies
Television
Just For Fun
Miscellaneous
History
Literature
Language
Science
Gaming
Entertainment
Religion
Holiday
For Kids
Quiz Lab
Recent
Popular Today
Quiz Kudos Today
Editor Picks
Curator Picks
Quizzes by...
Day
Popularity
Type
Ratings
Length
Year
Community
Subscriptions
Recent Discussions
Orange Saloon
Badges
Playlists
Quests
Create
Leaderboards
Showdown
Live 5
Trivia Bingo
Activity
Puzzle Library
Sporcle Events
Private Events
Virtual Trivia
Globe League
Become a Host
Pub Owners
SporcleCon
Opinionation
Our Games
Videos
Blog
Mobile Apps
Partnerships
Remove Ads and Go Orange
Feedback
Movies
Disney
Marvel Cinematic Universe
Movie Resume
Movie Titles
Oscar
Actor
Actress
Director
Pixar
Role
Movie Quotes
Movie Characters
Box Office
Nominee
Best Picture
Star Wars
James Bond
Horror Movies
Movies
Disney
Marvel Cinematic Universe
Movie Resume
Movie Titles
Oscar
Actor
Actress
Director
Pixar
Role
Movie Quotes
Movie Characters
Box Office
Nominee
Best Picture
Star Wars
James Bond
Horror Movies
Random Quiz
Search Sporcle
×
Quiz Lab
Quiz Lab
Movies
Definition
Type in answers that appear in a list
Type in answers that appear in a list
Classic
Best Score? Go Orange.
--------------------- Stats
Can you name the Editing Terminology?
By
Hurley1995
10m
13 Questions
8 Plays
8 Plays
8 Plays
Comments
Comments
Give Quiz Kudos
Give Quiz Kudos
-
- Ratings
hide this ad
Forced Order
Answers have to be entered in order
Answers have to be entered in order
Replay
Link that replays current quiz
Next Quiz
Link to next quiz in quiz playlist
You Got
0%
They Got
Avg Score
50%
Avg Friend Score
Upgrade to see
Score Distribution
Jump to the score distribution portion of the page
Score
0/13
Timer
10:00
0
Plays Today
descripition
definition
% Correct
A basic edit when shot is replaced by another.
Cut
75%
The screen is black, a shot gradually appears. This often signifies the beginning of a sequence.
Fade in
75%
An image gradually fades to black. This often signifies the end of a sequence.
Fade out
75%
A cut between two shots where the camera position moves only slightly but the subject moves considerably, making them appear to jump across the screen. This editing techniques is o
Jump cut
75%
Cutting back and forth between two events occurring simultaneously.
Cross cutting
62.5%
In Hollywood films, a montage is a short sequence that shows the condensed progression of time.
Montage
62.5%
A transition that wipes from one image to another.
Wipe
50%
In editing, a fade from one image to another.
Cross dissolve
37.5%
In an edited sequence, ‘cut in’ refers to a shot that shows part of the action in detail.
Cut in
37.5%
n an edited sequence, ‘cut away’ refers to a shot edited in that is unrelated to the action.
Cut away
37.5%
A cut or dissolve between two visually similar images. One of the most famous examples of this is in 2001: A Space Odyssey, when Stanley Kubrick cuts between a shot of a bone flung
Match cut
25%
Cutting between two characters who are looking offscreen in different directions, creating the impression that they’re talking to each other.
Shot reverse shot
25%
Cutting between two scenes that are occurring simultaneously.
Parallel editing
12.5%
Quiz Playlist
Details
Report
Send in Message
Add To Playlist
Classic:
Type in answers that appear in a list
Forced Order:
Answers have to be entered in order
Last Updated: Feb 16, 2017
Quiz Scoreboard
CHALLENGE
Sign Up to Join the Scoreboard
Show All
Scores
Hide
Comments
May contain spoilers
Recently Published
Holiday 10x10 Sorting Gallery
by lukepisani3
Holiday
15m
Two Season TV Shows II
by 123Four
Television
10m
Image Sorting: Flags VI
by Barbecue
Geography
2m
More to Explore
Quiz From the Vault
Featured Blog Post
14 Easter Pick-up Lines to Find Eggs With
hide this ad
You Might Also Like...
Tags
Definition Quiz
Editing
Terminology
Today's Top Quizzes in Movies
Browse Movies
hide this ad
Today's Top Quizzes in Definition
Browse Definition
Top Contributed Quizzes in Movies
1
The ultimate James Bond movie quiz
2
Find The 'Big' Movie
3
Find The 'Wild' Movie
4
Find The 'Blue' Movie
5
Movies By Plot
6
Hidden Star Wars Character II
7
Hidden Star Wars Character III
8
25 Best Actor Nominees (1990s)
9
Hidden Star Wars Character IV
10
Pick 5 Posters: Directed by Spielberg
Explore More
Trending Topics
Kpop
Harry Potter
Anime
Marvel
NBA
Crossword
Disney
Pokémon
Puzzle
Soccer
WWE
Country
NFL
Song
The Office
hide this ad
More By:
Hurley1995
Quiz
Plays
Rating
Category
Featured
Created
Russian Timeline (1904-1914)
73
5.00
History
Feb 9, 2013
Russian Timeline- Pre 1904
65
3.00
History
Jan 29, 2013
Russian Timeline (1914-1917)
40
5.00
History
Feb 9, 2013
---------------------
23
Movies
Mar 1, 2013
---------------------
19
History
Nov 19, 2012
Go to Creator's Profile
Score Distribution
Quiz Creator Spotlight
Hurley1995
Follow
Send a Message
Quizzes Created
-
Created Quiz Play Count
-
More By This Creator
Popular Quizzes Today
1
Find the US States - No Outlines Minefield
2
Colored Red Africa Blitz
3
Find the 'City' Movie
4
The Countries of the World
5
5x2 Blitz: Bands
6
Find the Countries of Europe - No Outlines Minefield
7
Find the US States
8
US States
More Movies Quizzes
Movie by Difficulty II
Published
Trending Quizzes
Colored Red Europe Blitz I
Colored Red Africa Blitz II
Colored Red Europe Blitz II
Even More Two Season TV Shows
Colored Red Africa Blitz III
Recently Updated
Odd Team Out - Big 4 Players
pecheneg
Quick Pick: 20 Twenties
pecheneg
March Madness Men's Triple Doubles
pecheneg
How Do You Spell That?
pecheneg
Godzilla Movies
pecheneg
Grab Bag: 4-10 Letters
pecheneg
2024 March Madness Bracket
pecheneg
Famous TV Couples
Peacemaker
Champions League XIs: Real Madrid
pecheneg
Largest US Cities 1790-2010
pecheneg
Trending Topics
Anime
Kpop
NBA
Crossword
Marvel
Harry Potter
Disney
Soccer
Country
Song
Puzzle
NFL
WWE
The Office
Pokémon
Your Account Isn't Verified!
In order to create a playlist on Sporcle, you need to verify the email address you used during registration. Go to your
Sporcle Settings
to finish the process.
Report this User
Report this user for behavior that violates our
Community Guidelines
.
Details:
Send Report
Go to the Sporcle.com Mobile Site →
Comments